| 000 | 00817cab a2200241 4500 | ||
|---|---|---|---|
| 001 | WB3444-24 | ||
| 008 | 090401t1998 xxu||||| |||| 00| 0 eng d | ||
| 035 | _a(Sirsi) u89726 | ||
| 041 | _aeng | ||
| 245 | _aNew homes forecasts | ||
| 260 | _c1998 | ||
| 350 | _a0 | ||
| 490 |
_aFinancial Times _v16 November 1998, 7(1) |
||
| 520 | _aFigures to be announced in the new year are expected to revise predictions of new housing needed by 2016 from 4.4m to nearer 5m. It is thought that the revised estimate will be met by protests from conservation groups fearing encroachment on green belt land. | ||
| 650 | _aFORECASTS | ||
| 650 | _aGREEN BELT LAND | ||
| 650 | _aHOUSEHOLD PROJECTION | ||
| 650 | _aNEW HOMES | ||
| 650 | _aNEW HOUSING | ||
| 690 | _aHOUSING-DEVELOPMENT | ||
| 942 | _n0 | ||
| 948 | _c17/11/1998 | ||
| 999 |
_c56783 _d56783 |
||